000 01029naa a22002777a 4500
001 vtls000113319
003 ES-BaIT
005 20220804111527.0
007 t|
008 111114s2006 fr o || 000 |fre||
010 _a113319
035 _a0113-31960
_9ES-BaIT035
039 9 _a201403080555
_bVLOAD
_c201303101422
_dVLOAD
_c201111141622
_dVLOAD
_y201110060116
_zVLOAD
080 _a840-2"20"
100 1 _aRouart, Jean-Marie,
_d1943-
_943619
245 1 3 _aGorki, l'exilé de Capri /
_cde Jean-Marie Rouart
500 _aP6: D3, H3
505 8 _aInclou: fitxa tècnica de l'obra i algun article que parla sobre la mateixa
600 1 4 _aRouart, Jean-Marie,
_d1943-.
_tGorki l'exilé de Capri
_xEscenificacions
_994518
600 1 4 _aGor'kij, Maksim
_xTextos dramàtics
_994519
773 0 _7nnas
_wvtls000003295
_tL'Avant-scène Théatre
_dParis : L'Avant-scène, [1961]-%%%%
_x0045-1169
_gNo 1213, novembre, 2006, p. 1-63
_81213
_02655
790 _w00451169
790 _a000329560
_x7993--2006
940 _aIT
999 _c101910
_d101910
942 _cART